00225nam a2200097Ia 4500008004100000100000900041245002600050260002700076942000700103999001700110190216s9999||||xx |||||||||||||| ||und|| aNull 0aHindi-Archi Kahaniyam bUniversity Of Calicut cBK c17107d17107